000 00297nam a22001337a 4500
008 170821b xxu||||| |||| 00| 0 eng d
020 _a9781932628326
041 _aeng
080 _26TH
_a51
100 _a37
101 _aMAT
245 _aINTRODUCTORY ALGEBRA
_cWRIGHT,D.F
942 _2udc
_cBK
999 _c24328
_d24328